Statistics for HNK Rijeka u međunarodnim natjecanjima

Click here to take the quiz!

General Stats

  • This quiz has been taken 71 times
  • The average score is 13 of 50

Answer Stats

SezonaNatjecanjefaza natjecanjaprotivnikRezultat% Correct
1984./85.Kup UEFA2. krugReal Madrid3:1, 0:3
85%
2014./15.Europska ligaskupina GSevilla2:2, 0:1
76%
2013./14.Europska liga(play-off)VfB Stuttgart2:1, 2:2
75%
1999./2000.Liga prvaka2. pretkoloPartizan1:3, 0:3
67%
2014./15.Europska ligaskupina GFeyenoord Rotterdam3:1, 0:2
60%
2013./14.Europska ligaskupina IOlympique Lyon0:1, 1:1
60%
2013./14.Europska ligaskupina IReal Betis Balompie (Sevilla)1:1, 0:0
60%
2013./14.Europska ligaskupina IVitoria Guimarães0:4, 0:0
60%
1986./87.Kup UEFA1. krugStandard Liege0:1, 1:1
57%
2014./15.Europska ligaskupina GStandard Liège2:0, 0:2
57%
2013./14.Europska liga3. pretkoloMŠK Žilina2:1, 1:1
54%
1979./80.Kup pobjednika kupovačetvrtfinaleJuventus Torino0:0, 0:2
52%
2014./15.Europska liga(play-off)Šerif Tiraspol1:0, 3:0
51%
2014./15.Europska liga2. pretkoloFerencváros1:0, 2:1
43%
2008.Intertoto1. krugRenova Džepčište0:0, 0:2
36%
2000./01.Kup UEFA1. krugCelta Vigo0:0, 0:1
31%
2009./10.Europska liga3. pretkoloMetalist Harkov1:2, 0:2
30%
2014./15.Europska liga3. pretkoloVíkingur Gøta5:1, 4:0
30%
2013./14.Europska liga2. pretkoloPrestatyn Town5:0, 3:0
28%
2004./05.Kup UEFA2. prekoloGençlerbirligi Ankara0:1, 2:1
27%
2005./06.Kup UEFA2. pretkoloLitex Loveč0:1, 2:1
27%
1984./85.Kup UEFA1. krugReal Valladolid0:1, 4:1
27%
2006./07.Kup UEFA1. pretkoloOmonia Nikozija2:2, 1:2
25%
2009./10.Europska liga2. pretkoloDifferdange 030:1, 3:0
24%
1979./80.Kup pobjednika kupovaosmina finalaLokomotiva Košice0:2, 3:0
24%
1962./63.Intertotoskupina B3PSV Eindhoven3:1, 3:2
21%
2002.Intertoto Cup1. krugSaint Patrick's Athletic Dublin3:2, 0:1
12%
1962./63.Intertotoskupina B3Basel5:1, 2:2
10%
2000./01.Kup UEFApretkoloValletta3:2, 5:4
10%
1978./79.Kup pobjednika kupova1. krugWrexham3:0, 0:2
9%
1978./79.Kup pobjednika kupovaosmina finalaSK Beveren0:0, 0:2
7%
1979./80.Kup pobjednika kupova1. krugBeerschot VAV Antwerpen0:0, 2:1
6%
1985./86.MitropapolufinaleDebreceni VSC0:1
4%
1962./63.IntertotočetvrtfinaleDozsa Pečuh2:2, 1:2
4%
1977.Intertotoskupina 6GAK Graz1:1, 3:0
4%
1965./66.Intertotoskupina B1Motor Jena0:3, 1:3
4%
1977.Intertotoskupina 6Fram Kopenhagen2:2, 0:2
3%
1977.Intertotoskupina 6Ruch Chorzow0:1, 4:2
3%
1985./86.Mitropaza 3. mjestoSigma Olomuc3:2
3%
1965./66.Intertotoskupina B1Szombierki Bytom0:3, 1:0
3%
1965./66.Intertotoskupina B1Tatran Prešov0:0, 1:3
3%
1974./75.Mitropaskupina AWacker Innsbruck1:3, 0:0
3%
1978Balkanski kupskupina BAris Solun2:0, 2:1
1%
1978Balkanski kupfinaleJiul Petrosani4:1, 0:1
1%
1979./80.Balkanski kupskupina BPartizani Tirana2:1, 3:1
1%
1979./80.Balkanski kupskupina BPAS Ioannina2:1, 3:1
1%
1962./63.Intertotoskupina B3Rot-Weiss Oberhausen2:1, 3:4
1%
1979./80.Balkanski kupfinaleSportul Studentesc Bukurešt1:1, 0:2
1%
1978Balkanski kupskupina BSkënderbeu Korçë6:0, 0:1
0%
1974./75.Mitropaskupina ATatabányai Bányász1:3, 1:3
0%

Score Distribution

Percentile by Number Answered

Percent of People with Each Score

Your Score History

You have not taken this quiz